• 首页
  • 本馆介绍
  • 公告通知
  • 最新文献
  • 馆藏检索
  • 电子资源
  • 读者导购
  • 参考咨询
  • 我的图书馆
  • 登录
  • 详细信息显示
  • 放入我的书架
  • 预约/预借图书
  • 作者相关作品
  • 分类相关作品
  • 丛书相关作品
  • 出版社相关作品

书目信息

  • 表格格式
  • 工作单格式
  • 卡片格式
书名: Dryland agriculture in China =
作者: by Li Shengxiu.
分册号:
分册名:
出版地: Beijing :
 
出版社: Science Press
出版时间: 2007.
页数: xxiii, 1017 p. :
开本: 26 cm.
丛书名:
中图分类号:
科图分类号:
其他分类号: S181
主题词:
电子资源:
000 00977nam 2200265 a 4500
001 E0737518175
004 001419067
005 20071006092505.00
008 001 0 eng
008 4001uueng0000000
020    @a9787030150608 :@cCNY220.00.
040    @aCcBjTSG @cCcBjTSG
043    @aa-cc---
050  4 @aS616.C5 @bZ475
090    @aS181
099    @dS181@ex4
100 1  @aLi, Shengxiu.
245 10 @aDryland agriculture in China = :@b中国旱地农业 / @cby Li Shengxiu.
246 31 @a中国旱地农业
260    @aBeijing :@bScience Press,@c2007.
300    @axxiii, 1017 p. :@bill. (some col.), maps (1 fold col.) ;@c26 cm.
504    @aIncludes bibliographical references and index.
650  0 @aArid regions agriculture @zChina.
650  0 @aDry farming @zChina. @b01 @c20070529 @lNLC09 @h1431 @b40 @c20070704 @lNLC09 @h1704 @b40 @c20070704 @lNLC09 @h1705 @b40 @c20070704 @lNLC09 @h1705 @b40 @c20070709 @lNLC09 @h1358
852 91 @bWWDY @k2C-2007 @hS282 @iL693
    
    Dryland agriculture in China = : : 中国旱地农业 / / by Li Shengxiu.-Beijing : : Science Press, , 2007.
    xxiii, 1017 p. : : ill. (some col.), maps (1 fold col.) ; ; 26 cm.
    Includes bibliographical references and index.
    
    ISBN 9787030150608 :CNY220.00.
    
●
相关链接 在E读中查询图书 在五车中查询图书 在当当中查询图书 在豆瓣中查询图书


正题名:Dryland agriculture in China =     索取号:S181/x4         预约/预借

序号 登录号 条形码 馆藏地/架位号 状态 备注
1 17249   300172499   第四借阅区/ [索取号:S181/x4] 在馆    
2 17592   300175922   第二样本阅览室/ [索取号:S181/x4] 在馆    
唐山师范学院图书馆 欢迎您!
大连网信软件有限公司© 版权所有